000 00521cam a22002054a 4500
005 20250605164313.0
008 250528s ||||||||||||||||||||||||d
035 _a22593
020 _a9780631217534
040 _aGR-AtMCL
_bgre
_dGR-AtMCL
_eAACR2
245 1 _aBLACKWELL HANDBOOK OF CHILDHOOD SOCIAL DEVELOPMENT
250 _a1
260 _bBlackwell Publishers,
_c2002
300 _a665
700 1 _aHart Craig H
_98360
700 1 _aSmith Peter K
_92893
942 _cBK
999 _c7641
_d7641